| 000 | 01074nam a22002537a 4500 | ||
|---|---|---|---|
| 999 |
_c65399 _d65399 |
||
| 005 | 20240530110822.0 | ||
| 008 | 190711s2018 ua a g 000 0 ara d | ||
| 017 |
_bمصر. دار الكتب _a2018/25918 |
||
| 020 | _a9789778123807 | ||
| 040 |
_aEG-CaGPL _cEG-CaGPL |
||
| 082 | 0 | 4 |
_221 _a251.2 / _bم م |
| 100 | 0 | _aمحمد بن عواد الهلالى | |
| 245 | 1 | 0 |
_aميزان القضاء العرفى فى الفقه الاسلامى : _bقراءة تحليلية للقضاء العشائرى فى سيناء / _cجمع وتأليف محمد بن عواد الهلالى ؛ راجعه صبرى عبدالرءوف |
| 250 | _aط.1 | ||
| 260 |
_aالقاهرة : _bالمكتب العربى للمعارف، _c2019 . |
||
| 300 |
_a392 ص. ؛ _c24 سم. |
||
| 650 | 0 | 7 |
_aالاحكام العرفية _2qrmak |
| 650 | 0 | 7 |
_aالشريعة الاسلامية _2qrmak |
| 650 | 0 | 7 |
_aالقضاء العرفى _2qrmak |
| 651 | _2qrmak | ||
| 700 | 0 |
_aصبرى عبدالرءوف _eمراجع |
|
| 942 |
_2ddc _cBK |
||